00407nam a22001577a 4500003000900000005001700009008004100026040001300067100002100080245003700101250001100138260003700149300001000186490002400196500002900220IT-RoPau20220918181104.0130416b xxu||||| |||| 00| 0 eng d cIT-RoPau aFamiglia Paolina aSan Paolo 2001bProvincia Italia a1° ed aRomabSSP Provincia Italiac2001 c21 cm aSocietà San Paolo aIndice Marzo, Settembre